| 000 | 00631nam a2200205Ia 4500 | ||
|---|---|---|---|
| 008 | 191130s2004##################000#0#eng## | ||
| 020 | _a9780826470027 | ||
| 040 |
_aACL _cACL |
||
| 082 | _a301.092 ELD | ||
| 100 | _aElden, Stuart | ||
| 245 |
_aUnderstanding Henri Lefebvre : theory and the possible _cStuart Elden |
||
| 260 |
_aNew York _bContinuum _cc2004 |
||
| 300 | _avi, 265 p. ; 24 cm | ||
| 500 | _aIncludes bibliographical references and index | ||
| 650 | _aLefebvre, Henri, 1901-1991 | ||
| 650 | _aSocial sciences - Philosophy | ||
| 990 | _aed8be535ac10000c124dab823da5f4bb | ||
| 991 | _a251405 | ||
| 999 |
_c306892 _d306892 |
||